Acteurs présidentiels - Statistiques

Statistiques générales
  • Ce quiz a été pris 5 864 fois
  • Le résultat moyen est 5 sur 16
Statistiques - réponses
Par images Hint Réponse % Correct
Présidents Jean Dujardin
98%
Les Tuche 3 Jean-Paul Rouve
69%
Comme tout le monde Thierry Lhermitte
66%
De Gaulle Lambert Wilson
54%
Les Saveurs du palais Jean d'Ormesson
46%
Les Chinois à Paris Bernard Blier
34%
Président Albert Dupontel
31%
Silences d'Etat Richard Berry
31%
Les Vengeances de Maître Poutifard Pierre-François Martin-Laval
26%
Le Bon Plaisir Jean-Louis Trintignant
19%
Le Promeneur du Champ-de-Mars Michel Bouquet
16%
Le Tigre et le Président Jacques Gamblin
15%
La Rupture Hippolyte Girardot
14%
Présidents Grégory Gadebois
10%
Les Œufs brouillés Michael Lonsdale
9%
Raid Dingue Urbain Cancelier
4%
Aucun quiz correspondant
Distribution des résultats
% des personnes avec chaque résultat
Percentile par nombre de réponses
Votre historique - résultats
Vous n’avez pas pris ce quiz